Olivers Story / (Record no. 186684)

000 -LEADER
fixed length control field 00708 a2200241 4500
003 - CONTROL NUMBER IDENTIFIER
control field NUST
005 - DATE AND TIME OF LATEST TRANSACTION
control field 20230125152133.0
010 ## - LIBRARY OF CONGRESS CONTROL NUMBER
LC control number 94040887
020 ## - INTERNATIONAL STANDARD BOOK NUMBER
International Standard Book Number 0449908593
040 ## - CATALOGING SOURCE
Transcribing agency Nust
082 00 - DEWEY DECIMAL CLASSIFICATION NUMBER
Classification number 823,SEG
100 1# - MAIN ENTRY--PERSONAL NAME
Personal name Segal, Erich,
9 (RLIN) 107633
245 10 - TITLE STATEMENT
Title Olivers Story /
Statement of responsibility, etc. Erich Segal.
250 ## - EDITION STATEMENT
Edition statement 1st ed.
260 ## - PUBLICATION, DISTRIBUTION, ETC.
Place of publication, distribution, etc. New York :
Name of publisher, distributor, etc. Fawcett Columbine,
Date of publication, distribution, etc. 1977
300 ## - PHYSICAL DESCRIPTION
Extent 191 p. ;
Dimensions 25 cm.
505 ## - FORMATTED CONTENTS NOTE
Formatted contents note Contents not Available
650 #0 - SUBJECT ADDED ENTRY--TOPICAL TERM
Topical term or geographic name entry element Nobel Prizes
General subdivision Fiction.
9 (RLIN) 107634
650 #0 - SUBJECT ADDED ENTRY--TOPICAL TERM
Topical term or geographic name entry element Physicians
General subdivision Fiction.
9 (RLIN) 107635
650 #0 - SUBJECT ADDED ENTRY--TOPICAL TERM
Topical term or geographic name entry element Scientists
General subdivision Fiction.
9 (RLIN) 107636
856 42 - ELECTRONIC LOCATION AND ACCESS
Materials specified Publisher description
Uniform Resource Identifier <a href="http://www.loc.gov/catdir/description/random0412/94040887.html">http://www.loc.gov/catdir/description/random0412/94040887.html</a>
942 ## - ADDED ENTRY ELEMENTS (KOHA)
Source of classification or shelving scheme
Koha item type Book
Call number prefix 823,SEG
Holdings
Withdrawn status Lost status Source of classification or shelving scheme Damaged status Not for loan Permanent Location Current Location Shelving location Date acquired Total Checkouts Full call number Barcode Date last seen Date last checked out Price effective from Koha item type Public note
          Military College of Signals (MCS) Military College of Signals (MCS) General Stacks 12/12/2016 1 823,SEG MCS32760 02/10/2025 12/20/2024 12/12/2016 Book Almirah No.57, Shelf No.6
© 2023 Central Library, National University of Sciences and Technology. All Rights Reserved.